00639cam a22002291 4500001001300000003000400013005001700017008004100034010001700075035002000092040001700112042001200129050002000141100002000161245005600181250002700237260002000264300002300284500005300307650003200360999001700392sa 65004000 DLC20260227112127.0870206s1963 ii 000 0 eng  asa 65004000  a(OCoLC)15161622 aDLCcCUdDLC apremarc00aPK666b.K8 19631 aKulkarni, L. R.14aThe practical Sanskrit grammar,cby L. R. Kulkarni. a2d. ed., rev. and enl. a[Nagpur]c1963. a10, 460 p.c19 cm. aStamped on t. p.: Munshi Ram Manohas Lal, Delhi. 0aSanskrit languagexGrammar. c63487d63487